Great answers to tough career dilemmas : (Record no. 77671)

MARC details
000 -LEADER
fixed length control field 00769nam a22002177a 4500
005 - DATE AND TIME OF LATEST TRANSACTION
control field 20140813110656.0
010 ## - LCCN (DPL NO)
LC control number B-522453-462 ENG-110408
020 ## - INTERNATIONAL STANDARD BOOK NUMBER
International Standard Book Number 9780749454135
Terms of availability 350.00
035 ## - SYSTEM CONTROL NUMBER
System control number B-522453-462
035 ## - SYSTEM CONTROL NUMBER
System control number EN-93940
037 ## - SOURCE OF ACQUISITION
Stock number dpl
Source of stock number/acquisition UBH/vendor
037 ## - SOURCE OF ACQUISITION
Source of stock number/acquisition DBAD/PUB
082 ## - DEWEY DECIMAL CLASSIFICATION NUMBER
Classification number 650.14
100 ## - MAIN ENTRY--PERSONAL NAME
Personal name Bryon, Mike
245 ## - TITLE STATEMENT
Title Great answers to tough career dilemmas :
Statement of responsibility, etc by Mike Bryon
Remainder of title test your aptitude be inspired and discover your ideal career /
260 ## - PUBLICATION, DISTRIBUTION, ETC. (IMPRINT)
Place of publication, distribution, etc New Delhi
Name of publisher, distributor, etc Kogan Page
Date of publication, distribution, etc 2012
270 ## - ADDRESS
Address 4737/23, Ansari Road, Darya Ganj
City Delhi
Postal code 110002
300 ## - PHYSICAL DESCRIPTION
Extent 243p.
Dimensions 22cm(pbk)
942 ## - ADDED ENTRY ELEMENTS (KOHA)
Source of classification or shelving scheme Dewey Decimal Classification
Item type English Books
Classification part 650.14
Call number suffix BRY
Holdings
Withdrawn status Lost status Not for loan Collection code Home library Current library Date acquired Source of acquisition Cost, normal purchase price Full call number Barcode Copy number Cost, replacement price Koha item type
      Non-fiction Central Library Central Library 24/07/2013 UBH/336/26.03.2013/180/08.03.2013/28.03.2013 350.00 650.14 BRY B-522453 1 350.00 English Books
    Not For Loan Non-fiction D.B.Act.Division D.B.Act.Division 07/07/2014 DBAD/PUB 350.00 650.14 BRY EN-93940 1 350.00 English Books
      Non-fiction Janak Puri Janak Puri 24/07/2013 UBH/336/26.03.2013/180/08.03.2013/28.03.2013 350.00 650.14 BRY B-522458 1 350.00 English Books
  Written-off vide DLB M. No. 383 dt 16.05.19   Non-fiction Karol Bagh Karol Bagh 24/07/2013 UBH/336/26.03.2013/180/08.03.2013/28.03.2013 350.00 650.14 BRY B-522460 1 350.00 English Books
      Non-fiction Kasturba Gandhi Marg Kasturba Gandhi Marg 24/07/2013 UBH/336/26.03.2013/180/08.03.2013/28.03.2013 350.00 650.14 BRY B-522455 1 350.00 English Books
      Non-fiction Narela Narela 24/07/2013 UBH/336/26.03.2013/180/08.03.2013/28.03.2013 350.00 650.14 BRY B-522461 1 350.00 English Books
      Non-fiction Patel Nagar Patel Nagar 24/07/2013 UBH/336/26.03.2013/180/08.03.2013/28.03.2013 350.00 650.14 BRY B-522454 1 350.00 English Books
      Non-fiction Peshwa Road Peshwa Road 24/07/2013 UBH/336/26.03.2013/180/08.03.2013/28.03.2013 350.00 650.14 BRY B-522456 1 350.00 English Books
      Non-fiction Sarojini Nagar Sarojini Nagar 24/07/2013 UBH/336/26.03.2013/180/08.03.2013/28.03.2013 350.00 650.14 BRY B-522459 1 350.00 English Books
      Non-fiction Shahdara Branch Shahdara Branch 24/07/2013 UBH/336/26.03.2013/180/08.03.2013/28.03.2013 350.00 650.14 BRY B-522462 1 350.00 English Books
      Non-fiction Tri Nagar Tri Nagar 24/07/2013 UBH/336/26.03.2013/180/08.03.2013/28.03.2013 350.00 650.14 BRY B-522457 1 350.00 English Books

© Delhi Public Library
Hit Counter
free hit counter